[Event "37. Ciudad de Sevilla 2012"]
[Site "Sevilla ESP"]
[Date "2012.01.10"]
[Round "4.6"]
[White "Roy Chowdhury, Saptarshi"]
[Black "Saric, Ante"]
[Result "0-1"]
[WhiteElo "2414"]
[BlackElo "2528"]
[PlyCount "112"]
[EventDate "2012.01.07"]
[EventType "swiss"]
[EventRounds "9"]
[EventCountry "ESP"]
[Source "lmi"]
[SourceDate "2012.01.07"]

1. e4 e6 2. Qe2 c5 3. Nf3 Nc6 4. g3 g6 5. Bg2 Bg7 6. O-O Nge7 7. c3 e5 8. Na3
O-O 9. d3 d6 10. Nh4 Be6 11. f4 Qd7 12. Nc4 exf4 13. Bxf4 d5 14. Nd2 d4 15. e5
dxc3 16. bxc3 Nd5 17. Ne4 Nxc3 18. Nxc3 Qd4+ 19. Qe3 Qxc3 20. Rac1 Qa3 21. Bxc6
bxc6 22. Rxc5 Rfd8 23. Rd1 Bd5 24. Rc2 Re8 25. d4 Qa5 26. Rcd2 Bf8 27. Bg5 Qa3
28. Qf4 Rab8 29. Bf6 Rb2 30. Nf5 Rxd2 31. Rxd2 Qc1+ 32. Kf2 h5 33. g4 Rb8 34.
Ne7+ Kh7 35. Nxd5 cxd5 36. Bg5 f6 37. exf6 Rb1 38. gxh5 Qg1+ 39. Ke2 Bd6 40.
hxg6+ Kxg6 41. Qf3 Qxg5 42. f7 Qe7+ 43. Kd3 Qe4+ 44. Qxe4+ dxe4+ 45. Kxe4 Kxf7
46. Kd5 Ke7 47. Rg2 Kd7 48. h4 Rb5+ 49. Kc4 Rh5 50. Rg5 Rxh4 51. Ra5 Bb8 52.
Rd5+ Kc8 53. Rg5 Bc7 54. Rg8+ Kb7 55. Rg7 Kb6 56. Rg6+ Ka5 0-1

[Event "37. Ciudad de Sevilla 2012"]
[Site "Sevilla ESP"]
[Date "2012.01.10"]
[Round "4.8"]
[White "Saric, Kristina"]
[Black "Herraiz Hidalgo, Herminio"]
[Result "0-1"]
[WhiteElo "2235"]
[BlackElo "2469"]
[PlyCount "64"]
[EventDate "2012.01.07"]
[EventType "swiss"]
[EventRounds "9"]
[EventCountry "ESP"]
[Source "lmi"]
[SourceDate "2012.01.07"]

1. e4 c5 2. Nf3 g6 3. c3 Bg7 4. d4 cxd4 5. cxd4 d5 6. e5 Nh6 7. Bb5+ Nc6 8. O-O
O-O 9. Nc3 Bg4 10. Bxc6 bxc6 11. h3 Bxf3 12. Qxf3 f6 13. Bxh6 Bxh6 14. exf6
Rxf6 15. Qe2 Qd6 16. Rae1 Re8 17. Qa6 Qb8 18. Re2 Bf4 19. Rfe1 Bd6 20. Kh1 Qb6
21. Qa4 Ref8 22. Kg1 e5 23. Nd1 Qxd4 24. Qxd4 exd4 25. a3 c5 26. Rd2 a5 27. b4
cxb4 28. Rxd4 bxa3 29. Re2 Rd8 30. Nc3 Be5 31. Rxd5 Rxd5 32. Nxd5 Rxf2 0-1

[Event "37. Ciudad de Sevilla 2012"]
[Site "Sevilla ESP"]
[Date "2012.01.10"]
[Round "4.9"]
[White "Burmakin, Vladimir"]
[Black "Gonzalez Galvan, Juan Manuel"]
[Result "1-0"]
[WhiteElo "2593"]
[BlackElo "2214"]
[PlyCount "93"]
[EventDate "2012.01.07"]
[EventType "swiss"]
[EventRounds "9"]
[EventCountry "ESP"]
[Source "lmi"]
[SourceDate "2012.01.07"]

1. Nf3 Nf6 2. c4 g6 3. b3 Bg7 4. Bb2 O-O 5. g3 d6 6. d4 Nbd7 7. Bg2 e5 8. dxe5
dxe5 9. O-O e4 10. Ne1 Nc5 11. Nc2 Bg4 12. Qe1 Qd7 13. Ne3 Bh3 14. Na3 Bxg2 15.
Kxg2 Ng4 16. Bxg7 Nxe3+ 17. fxe3 Kxg7 18. Rd1 Qe7 19. Qc3+ Kg8 20. Nb5 f5 21.
Rd2 c6 22. Nd6 Rf6 23. Rfd1 g5 24. b4 Ne6 25. Qe5 Raf8 26. Rf1 f4 27. exf4
Nxf4+ 28. gxf4 Qxe5 29. fxe5 Rxf1 30. e6 e3 31. Rd3 R8f2+ 32. Kh3 g4+ 33. Kh4
Kf8 34. Rxe3 Ke7 35. Nc8+ Ke8 36. e7 Rxh2+ 37. Kg5 Rd1 38. c5 Rd5+ 39. Kf6 Rh6+
40. Kg7 Rdh5 41. Nd6+ Rxd6 42. cxd6 Rd5 43. Rd3 g3 44. Rxd5 cxd5 45. Kf6 g2 46.
Ke6 g1=Q 47. d7# 1-0

[Event "37. Ciudad de Sevilla 2012"]
[Site "Sevilla ESP"]
[Date "2012.01.10"]
[Round "4.10"]
[White "Matamoros Franco, Carlos S"]
[Black "Simon Padros, Emili"]
[Result "1-0"]
[WhiteElo "2552"]
[BlackElo "2261"]
[PlyCount "74"]
[EventDate "2012.01.07"]
[EventType "swiss"]
[EventRounds "9"]
[EventCountry "ESP"]
[Source "lmi"]
[SourceDate "2012.01.07"]

1. Nf3 d6 2. d4 Bg4 3. c4 Nd7 4. Nc3 g6 5. g3 Bxf3 6. exf3 Bg7 7. Bg2 Ngf6 8.
O-O O-O 9. f4 c5 10. d5 Ne8 11. Qd3 Nc7 12. Bd2 a6 13. a4 Rb8 14. Rfe1 b6 15.
Rab1 Re8 16. h4 f5 17. h5 Nf6 18. hxg6 hxg6 19. b4 Qd7 20. Rb3 e5 21. fxe5 dxe5
22. bxc5 bxc5 23. Qb1 Rxb3 24. Qxb3 e4 25. Qb6 Ne6 26. Qxa6 Nd4 27. Nb5 Ng4 28.
Nxd4 cxd4 29. Qxg6 Ne5 30. Qh5 Nxc4 31. Bf4 d3 32. Rc1 Rc8 33. Bh3 d2 34. Bxf5
dxc1=Q+ 35. Bxc1 Qe8 36. Be6+ Kf8 37. Qf5+ Ke7 1-0

[Event "37. Ciudad de Sevilla 2012"]
[Site "Sevilla ESP"]
[Date "2012.01.10"]
[Round "4.12"]
[White "Paunovic, Dragan"]
[Black "Aranaz Murillo, Amalia"]
[Result "1-0"]
[WhiteElo "2520"]
[BlackElo "2229"]
[PlyCount "147"]
[EventDate "2012.01.07"]
[EventType "swiss"]
[EventRounds "9"]
[EventCountry "ESP"]
[Source "lmi"]
[SourceDate "2012.01.07"]

1. g3 d5 2. Bg2 Nf6 3. d3 c6 4. f4 Bf5 5. Nf3 h6 6. O-O Nbd7 7. Nc3 e6 8. Qe1
Bc5+ 9. Kh1 O-O 10. Bd2 Bh7 11. a3 a5 12. e4 dxe4 13. dxe4 b5 14. e5 Nd5 15.
Ne4 Be7 16. Rc1 Qb6 17. g4 Nc5 18. Ng3 Rfe8 19. f5 exf5 20. gxf5 Bf8 21. Qe2
Nd7 22. Rce1 Bd6 23. e6 fxe6 24. fxe6 N7f6 25. Nh4 Qc7 26. Nhf5 Nf4 27. Bxf4
Bxf4 28. e7 Bxg3 29. Qe6+ Kh8 30. Nxg3 Nd5 31. Bxd5 cxd5 32. Qxd5 Rac8 33. Qe5
Qxe5 34. Rxe5 Bxc2 35. Kg1 b4 36. Rc1 b3 37. Rce1 Rc7 38. Nh5 Kg8 39. Nf4 Kf7
40. Nd5 Rd7 41. R1e3 a4 42. Kf2 Ra7 43. Rf3+ Kg8 44. Rc3 Kf7 45. Ke3 g6 46. Kd4
Bf5 47. h4 h5 48. Rf3 Rc8 49. Rfxf5+ gxf5 50. Rxf5+ Kg7 51. Rxh5 Rd7 52. Ke5
Re8 53. Ke6 Rexe7+ 54. Nxe7 Rd2 55. Nf5+ Kg8 56. Kf6 Rf2 57. Rh6 Rf1 58. Rg6+
Kh8 59. Rh6+ Kg8 60. h5 Rf2 61. Rg6+ Kh8 62. Rg4 Rxb2 63. Rxa4 Ra2 64. Kg6 Rg2+
65. Kh6 Kg8 66. Rb4 b2 67. Ne3 Rg3 68. Nc4 Rc3 69. Ne5 Kf8 70. Rxb2 Rxa3 71.
Rb8+ Ke7 72. Kg7 Ke6 73. Re8+ Kf5 74. Ng6 1-0

[Event "37. Ciudad de Sevilla 2012"]
[Site "Sevilla ESP"]
[Date "2012.01.10"]
[Round "4.13"]
[White "Das, Arghyadip"]
[Black "Urbina Perez, Juan Antonio"]
[Result "1/2-1/2"]
[WhiteElo "2459"]
[BlackElo "2210"]
[PlyCount "33"]
[EventDate "2012.01.07"]
[EventType "swiss"]
[EventRounds "9"]
[EventCountry "ESP"]
[Source "lmi"]
[SourceDate "2012.01.07"]

1. e4 e5 2. Nf3 Nc6 3. Bb5 a6 4. Ba4 Nge7 5. d3 g6 6. c4 Bg7 7. Nc3 O-O 8. a3
d6 9. h3 h6 10. g4 Nd4 11. Nxd4 exd4 12. Ne2 b5 13. Bc2 Nc6 14. Ng3 Qh4 15. Bb3
bxc4 16. Bxc4 Rb8 17. Kf1 1/2-1/2

[Event "37. Ciudad de Sevilla 2012"]
[Site "Sevilla ESP"]
[Date "2012.01.10"]
[Round "4.15"]
[White "Teran Alvarez, Ismael"]
[Black "Valenti, Giuseppe"]
[Result "1-0"]
[WhiteElo "2422"]
[BlackElo "2172"]
[PlyCount "78"]
[EventDate "2012.01.07"]
[EventType "swiss"]
[EventRounds "9"]
[EventCountry "ESP"]
[Source "lmi"]
[SourceDate "2012.01.07"]

1. e4 c5 2. Nf3 a6 3. c3 d5 4. exd5 Qxd5 5. d4 Nf6 6. Be2 e6 7. O-O Nc6 8. Be3
cxd4 9. Nxd4 e5 10. c4 Qd6 11. Nxc6 Qxc6 12. Nc3 Be6 13. Rc1 Be7 14. Bg5 O-O
15. Bf3 Qb6 16. Qe2 Rfe8 17. b3 Qc7 18. Rfe1 Rac8 19. h3 Nd7 20. Nd5 Bxd5 21.
cxd5 Qd6 22. Rxc8 Rxc8 23. Bxe7 Qxe7 24. d6 Qxd6 25. Bxb7 Rc5 26. Rd1 Qc7 27.
Bxa6 g6 28. Qd3 Nf8 29. Bc4 Kg7 30. a4 Rc6 31. Qe3 f6 32. Rd5 Nd7 33. Bb5 Nb6
34. Rd3 Rd6 35. Rc3 Rd1+ 36. Bf1 Qd8 37. Rc1 Rd6 38. Qc3 Kg8 39. a5 Nd5 1-0

[Event "37. Ciudad de Sevilla 2012"]
[Site "Sevilla ESP"]
[Date "2012.01.10"]
[Round "4.19"]
[White "Justiniano Maquez, Marco Antonio"]
[Black "Campora, Daniel H"]
[Result "0-1"]
[WhiteElo "2066"]
[BlackElo "2490"]
[PlyCount "60"]
[EventDate "2012.01.07"]
[EventType "swiss"]
[EventRounds "9"]
[EventCountry "ESP"]
[Source "lmi"]
[SourceDate "2012.01.07"]

1. d4 f5 2. Nf3 Nf6 3. g3 g6 4. b3 Bg7 5. Bb2 O-O 6. Bg2 d5 7. O-O c6 8. Nbd2
Nbd7 9. c4 e6 10. Qc2 Ne4 11. Ne5 Qc7 12. f4 Nxe5 13. fxe5 Bh6 14. Nxe4 dxe4
15. Bc1 Bg7 16. Ba3 Rd8 17. Kh1 Rxd4 18. Bd6 Rxd6 19. exd6 Qxd6 20. Rad1 Qe7
21. Qd2 Bf6 22. g4 Kg7 23. e3 c5 24. Qd6 a5 25. Qxe7+ Bxe7 26. a4 Ra6 27. gxf5
exf5 28. Rd5 Be6 29. Rfd1 Bxd5 30. Rxd5 Rb6 0-1

[Event "37. Ciudad de Sevilla 2012"]
[Site "Sevilla ESP"]
[Date "2012.01.10"]
[Round "4.20"]
[White "Fernandez Romero, Ernesto"]
[Black "Ortega Valle, Jose Ramon"]
[Result "1-0"]
[WhiteElo "2471"]
[BlackElo "2045"]
[PlyCount "47"]
[EventDate "2012.01.07"]
[EventType "swiss"]
[EventRounds "9"]
[EventCountry "ESP"]
[Source "lmi"]
[SourceDate "2012.01.07"]

1. c4 Nf6 2. Nc3 g6 3. e4 d6 4. d4 Bg7 5. Be2 Nbd7 6. Be3 e5 7. d5 Nc5 8. Bf3
a5 9. g4 b6 10. Qe2 Bd7 11. O-O-O h5 12. g5 Ng8 13. h4 Qc8 14. Bg2 Qa6 15. Bh3
O-O-O 16. Bxd7+ Rxd7 17. Rh3 Ne7 18. Bxc5 bxc5 19. Nb5 Bf8 20. Rf3 c6 21. Na3
cxd5 22. cxd5 Qxe2 23. Nxe2 Ng8 24. Nc4 1-0

[Event "37. Ciudad de Sevilla 2012"]
[Site "Sevilla ESP"]
[Date "2012.01.11"]
[Round "5.1"]
[White "Sengupta, Deep"]
[Black "Herraiz Hidalgo, Herminio"]
[Result "1/2-1/2"]
[WhiteElo "2562"]
[BlackElo "2469"]
[PlyCount "200"]
[EventDate "2012.01.07"]
[EventType "swiss"]
[EventRounds "9"]
[EventCountry "ESP"]
[Source "lmi"]
[SourceDate "2012.01.07"]

1. e4 c5 2. Nf3 g6 3. d4 cxd4 4. Nxd4 Nc6 5. Nc3 Bg7 6. Be3 Nf6 7. Bc4 O-O 8.
Bb3 a5 9. O-O Nxd4 10. Bxd4 d6 11. Re1 Bd7 12. Nd5 Nxd5 13. Bxg7 Kxg7 14. exd5
b5 15. a3 Rb8 16. c3 Rb7 17. Qd4+ f6 18. Re3 Rf7 19. Rae1 Bc8 20. h4 Kg8 21.
Bc2 Qf8 22. b4 axb4 23. axb4 f5 24. f4 Qg7 25. Qxg7+ Kxg7 26. Ra1 Rc7 27. Ra5
Bd7 28. Bb3 Be8 29. Kf2 Rf8 30. Ke2 Kf7 31. Kd2 Bd7 32. Bd1 h5 33. Be2 Rb8 34.
Bd3 Ke8 35. Bf1 Kd8 36. Kd3 Be8 37. Kd4 Bd7 38. Re1 Rcb7 39. g3 Be8 40. Rea1
Kc7 41. Bd3 Bd7 42. Ra6 Rb6 43. R6a2 R6b7 44. Ra5 Rb6 45. Ke3 R6b7 46. Bf1 Be8
47. Kd3 Bf7 48. Bg2 Be8 49. Kc2 Bd7 50. Kb3 Be8 51. Bf3 Bd7 52. Ra6 Rb6 53. Be2
Rxa6 54. Rxa6 Kb7 55. Ra5 Kb6 56. c4 Re8 57. cxb5 Bc8 58. Ra8 e5 59. fxe5 Rxe5
60. Rxc8 Rxe2 61. Rb8+ Kc7 62. Rg8 Kb6 63. Rxg6 Kxb5 64. Kc3 Re3+ 65. Kd4 Re4+
66. Kd3 Kxb4 67. Rxd6 Kc5 68. Rf6 Kxd5 69. Rxf5+ Re5 70. Rf8 Ke6 71. Kd4 Rf5
72. Rg8 Kf6 73. Ke4 Re5+ 74. Kf3 Rf5+ 75. Kg2 Ra5 76. Rf8+ Kg6 77. Rf2 Ra6 78.
Rc2 Rf6 79. Rc4 Ra6 80. Kf3 Rf6+ 81. Ke3 Re6+ 82. Re4 Ra6 83. Re5 Ra3+ 84. Kf4
Ra4+ 85. Re4 Ra6 86. Rc4 Rb6 87. Rd4 Ra6 88. Ke5 Ra5+ 89. Ke4 Ra6 90. Rd8 Ra4+
91. Ke5 Ra5+ 92. Ke6 Ra6+ 93. Kd5 Ra5+ 94. Kc6 Ra6+ 95. Kb5 Ra3 96. Kb4 Re3 97.
Kc4 Ra3 98. Kc5 Kh7 99. Rd7+ Kh6 100. Rd6+ Kh7 1/2-1/2

[Event "37. Ciudad de Sevilla 2012"]
[Site "Sevilla ESP"]
[Date "2012.01.11"]
[Round "5.3"]
[White "Saric, Ante"]
[Black "Van Der Weide, Karel"]
[Result "1/2-1/2"]
[WhiteElo "2528"]
[BlackElo "2445"]
[PlyCount "78"]
[EventDate "2012.01.07"]
[EventType "swiss"]
[EventRounds "9"]
[EventCountry "ESP"]
[Source "lmi"]
[SourceDate "2012.01.07"]

1. Nf3 Nf6 2. g3 g6 3. b3 Bg7 4. Bb2 O-O 5. Bg2 d6 6. d4 e5 7. dxe5 Nfd7 8. Nc3
dxe5 9. Qd2 Nc6 10. O-O-O a5 11. h4 h6 12. h5 g5 13. e4 Nd4 14. Nd5 c5 15. Nxd4
exd4 16. f4 a4 17. e5 axb3 18. axb3 Ra6 19. Rde1 Nb6 20. Nf6+ Bxf6 21. exf6 Nd5
22. fxg5 Ne3 23. gxh6 Re8 24. Rhf1 Rxf6 25. h7+ Kxh7 26. Qd3+ Kg8 27. Rxf6 Qxf6
28. Be4 Qf2 29. Bh7+ Kf8 30. Qe2 Qxe2 31. Rxe2 Bg4 32. Re1 Bxh5 33. b4 b6 34.
bxc5 bxc5 35. Ba3 Re5 36. c3 Kg7 37. cxd4 cxd4 38. Bd3 Bg6 39. Kd2 Bxd3 1/2-1/2

[Event "37. Ciudad de Sevilla 2012"]
[Site "Sevilla ESP"]
[Date "2012.01.11"]
[Round "5.4"]
[White "Komljenovic, Davorin"]
[Black "Burmakin, Vladimir"]
[Result "1-0"]
[WhiteElo "2457"]
[BlackElo "2593"]
[PlyCount "85"]
[EventDate "2012.01.07"]
[EventType "swiss"]
[EventRounds "9"]
[EventCountry "ESP"]
[Source "lmi"]
[SourceDate "2012.01.07"]

1. g3 d5 2. Bg2 c6 3. d3 e5 4. Nf3 Nd7 5. e4 dxe4 6. dxe4 Ngf6 7. Nbd2 Bc5 8.
O-O O-O 9. c3 Re8 10. Qc2 Qc7 11. b4 Bf8 12. a4 a5 13. Ba3 c5 14. bxa5 Qxa5 15.
Bb2 Qc7 16. Nc4 Re6 17. Rfd1 b6 18. Ne3 Re8 19. c4 Ra7 20. Nd5 Nxd5 21. exd5
Bd6 22. Re1 Nf8 23. Nd2 Bd7 24. Ne4 f6 25. Nc3 Rea8 26. Be4 Be8 27. Qd1 Qf7 28.
Bc2 Qd7 29. Nb5 Ra6 30. h4 Bg6 31. h5 Bxc2 32. Qxc2 h6 33. Kg2 Nh7 34. Bc1 Rf8
35. Qg6 Rf7 36. Nxd6 Qxd6 37. f4 exf4 38. Re8+ Nf8 39. Bxf4 Qd7 40. Qe4 Rxa4
41. Rxa4 Qxa4 42. Bd6 Qd7 43. Qe6 1-0

[Event "37. Ciudad de Sevilla 2012"]
[Site "Sevilla ESP"]
[Date "2012.01.11"]
[Round "5.5"]
[White "Matamoros Franco, Carlos S"]
[Black "Mellado Trivino, Juan"]
[Result "1-0"]
[WhiteElo "2552"]
[BlackElo "2435"]
[PlyCount "37"]
[EventDate "2012.01.07"]
[EventType "swiss"]
[EventRounds "9"]
[EventCountry "ESP"]
[Source "lmi"]
[SourceDate "2012.01.07"]

1. Nf3 Nc6 2. d4 d5 3. Nbd2 Bf5 4. a3 e6 5. e3 Nf6 6. c4 dxc4 7. Bxc4 Bd6 8. b4
O-O 9. Bb2 Ne4 10. Be2 Qf6 11. Nc4 Qh6 12. Rc1 Ne7 13. Bd3 b5 14. Nce5 Nd5 15.
Qc2 Bxe5 16. Nxe5 f6 17. Bxe4 Nxe3 18. fxe3 Qh4+ 19. Qf2 1-0

[Event "37. Ciudad de Sevilla 2012"]
[Site "Sevilla ESP"]
[Date "2012.01.11"]
[Round "5.6"]
[White "Teske, Henrik"]
[Black "Teran Alvarez, Ismael"]
[Result "1-0"]
[WhiteElo "2550"]
[BlackElo "2422"]
[PlyCount "85"]
[EventDate "2012.01.07"]
[EventType "swiss"]
[EventRounds "9"]
[EventCountry "ESP"]
[Source "lmi"]
[SourceDate "2012.01.07"]

1. d4 e6 2. Nf3 f5 3. Bf4 Nf6 4. Nbd2 b6 5. e3 Bb7 6. Bd3 Bd6 7. Ne5 O-O 8. O-O
Nc6 9. a4 Nb4 10. Be2 Be7 11. c3 Nbd5 12. Bf3 d6 13. Nd3 Rb8 14. Bg3 a5 15. Re1
Ba6 16. Qc2 c5 17. dxc5 bxc5 18. e4 fxe4 19. Nxe4 h6 20. Nxf6+ Nxf6 21. Rxe6
Bc4 22. Re2 Rb6 23. Rae1 Rf7 24. Rd2 Bb3 25. Qb1 Qc8 26. Nf4 Bf8 27. Bd1 Bxd1
28. Rexd1 Qb7 29. f3 Qc6 30. Ne6 Be7 31. Qc2 Qc8 32. Nf4 Qb7 33. h4 d5 34. Nxd5
Nxd5 35. Rxd5 Rxb2 36. Qe4 Qa6 37. Rd8+ Bf8 38. Ra8 Qf6 39. Be5 Qe6 40. Rdd8
Qa2 41. Qg6 Rbb7 42. h5 Qc4 43. Qxg7+ 1-0

[Event "37. Ciudad de Sevilla 2012"]
[Site "Sevilla ESP"]
[Date "2012.01.11"]
[Round "5.7"]
[White "Mirzoev, Azer"]
[Black "Barrero Garcia, Carlos"]
[Result "1-0"]
[WhiteElo "2523"]
[BlackElo "2370"]
[PlyCount "153"]
[EventDate "2012.01.07"]
[EventType "swiss"]
[EventRounds "9"]
[EventCountry "ESP"]
[Source "lmi"]
[SourceDate "2012.01.07"]

1. c4 g6 2. Nc3 Bg7 3. b4 Nf6 4. Bb2 O-O 5. Nf3 d5 6. Nxd5 Nxd5 7. Bxg7 Kxg7 8.
cxd5 Qxd5 9. e3 Bg4 10. h3 Bxf3 11. Qxf3 Qd6 12. a3 Rd8 13. d4 a5 14. b5 Nd7
15. Bc4 e6 16. O-O c5 17. bxc6 bxc6 18. Rfd1 c5 19. dxc5 Qc7 20. c6 Ne5 21. Qf4
Rdc8 22. Rac1 Nxc6 23. Qxc7 Rxc7 24. Bf1 Raa7 25. Rc5 Ne7 26. Rdc1 Rxc5 27.
Rxc5 Kf6 28. g4 g5 29. Bg2 h6 30. Be4 Ng6 31. a4 Ne5 32. Kg2 Nd7 33. Rb5 Ke7
34. h4 gxh4 35. Kh3 Kf6 36. Kxh4 Ne5 37. Kg3 Nc4 38. Bd3 Nd6 39. Rh5 Kg7 40.
Kf3 f6 41. Rc5 Nf7 42. Bc2 Ne5+ 43. Kg3 Nd7 44. Rc6 Nf8 45. Bd3 Kf7 46. Bc4 Ke7
47. Rc5 Kf7 48. f4 Kg7 49. Kf3 Nd7 50. Rc6 e5 51. Bb5 exf4 52. exf4 Nf8 53. Rd6
Ng6 54. Rd5 Rc7 55. Rd7+ Rxd7 56. Bxd7 Kf7 57. Ke4 Ke7 58. Bb5 Nh4 59. f5 Ng2
60. Bf1 Ne1 61. Kd5 Nf3 62. Be2 Ne5 63. Kc5 Kd7 64. Kb5 Nc6 65. Kb6 Kd6 66. Bb5
Ne5 67. Kxa5 Nxg4 68. Kb6 Ne3 69. Be2 Nxf5 70. a5 Ng7 71. a6 Ne6 72. a7 Nc7 73.
Bg4 Nd5+ 74. Kb7 Nc7 75. Bf5 h5 76. Bh3 h4 77. Bg4 1-0

[Event "37. Ciudad de Sevilla 2012"]
[Site "Sevilla ESP"]
[Date "2012.01.11"]
[Round "5.9"]
[White "Svetushkin, Dmitry"]
[Black "Lasinskas, Povilas"]
[Result "1/2-1/2"]
[WhiteElo "2598"]
[BlackElo "2138"]
[PlyCount "78"]
[EventDate "2012.01.07"]
[EventType "swiss"]
[EventRounds "9"]
[EventCountry "ESP"]
[Source "lmi"]
[SourceDate "2012.01.07"]

1. d4 Nf6 2. c4 g6 3. Nc3 d5 4. cxd5 Nxd5 5. Bd2 Nxc3 6. Bxc3 Bg7 7. e4 c5 8.
d5 Bxc3+ 9. bxc3 O-O 10. Be2 Qd6 11. Nf3 Nd7 12. O-O Ne5 13. Nd2 g5 14. Nc4
Nxc4 15. Bxc4 Kh8 16. Qd2 Rg8 17. Rae1 e5 18. Be2 Bd7 19. Rb1 b6 20. Bb5 Bg4
21. a4 Raf8 22. a5 f5 23. axb6 axb6 24. Bc6 Qc7 25. f3 Bh5 26. exf5 g4 27. Qh6
gxf3 28. Qxh5 Rxg2+ 29. Kh1 e4 30. Rg1 Qf4 31. Rxg2 fxg2+ 32. Kxg2 Rxf5 33. Qe2
e3 34. d6 Qxd6 35. Bf3 Qg6+ 36. Kh3 Qh6+ 37. Kg2 Qg6+ 38. Kh3 Qh6+ 39. Kg2 Qg6+
1/2-1/2

[Event "37. Ciudad de Sevilla 2012"]
[Site "Sevilla ESP"]
[Date "2012.01.11"]
[Round "5.10"]
[White "Urbina Perez, Juan Antonio"]
[Black "Cornette, Matthieu"]
[Result "0-1"]
[WhiteElo "2210"]
[BlackElo "2545"]
[PlyCount "94"]
[EventDate "2012.01.07"]
[EventType "swiss"]
[EventRounds "9"]
[EventCountry "ESP"]
[Source "lmi"]
[SourceDate "2012.01.07"]

1. e4 d5 2. exd5 Qxd5 3. Nc3 Qa5 4. d4 Nf6 5. Nf3 Bf5 6. Bc4 e6 7. Bd2 Bb4 8.
a3 Bxc3 9. Bxc3 Qb6 10. O-O O-O 11. Ne5 Nc6 12. Nxc6 Qxc6 13. Bd3 Be4 14. Bxe4
Nxe4 15. Qd3 Rfd8 16. Rfe1 Nf6 17. Bd2 Qd6 18. Be3 Ng4 19. g3 Qd5 20. Qe2 Qf5
21. c3 Rd7 22. Kg2 Rad8 23. h3 Nf6 24. Qf3 Qb5 25. a4 Qd5 26. Qxd5 Nxd5 27. a5
f6 28. Ra3 a6 29. Rb3 c6 30. Kf3 Kf7 31. h4 Rc8 32. Re2 h6 33. Re1 g5 34. hxg5
hxg5 35. Rh1 Kg6 36. c4 Ne7 37. g4 Re8 38. Rh5 Nf5 39. Rh1 Nd6 40. Rc3 f5 41.
gxf5+ exf5 42. d5 f4 43. Bb6 Ne4 44. Rd3 Kf5 45. Rh5 Nf6 46. Rh6 Ng4 47. Rh5
Ne5+ 0-1

[Event "37. Ciudad de Sevilla 2012"]
[Site "Sevilla ESP"]
[Date "2012.01.11"]
[Round "5.11"]
[White "Rizouk, Aimen"]
[Black "Gallardo Fernandez, Cesar"]
[Result "1-0"]
[WhiteElo "2539"]
[BlackElo "2209"]
[PlyCount "87"]
[EventDate "2012.01.07"]
[EventType "swiss"]
[EventRounds "9"]
[EventCountry "ESP"]
[Source "lmi"]
[SourceDate "2012.01.07"]

1. e4 e5 2. Nf3 Nc6 3. Bc4 Nf6 4. d3 Be7 5. O-O O-O 6. Bb3 d6 7. c3 b5 8. Re1
Na5 9. Bc2 c5 10. Nbd2 Bb7 11. Nf1 Re8 12. Ng3 g6 13. d4 cxd4 14. cxd4 Nc6 15.
d5 Nb8 16. Bd3 a6 17. b4 Nbd7 18. Nd2 a5 19. bxa5 Qxa5 20. Nb3 Qa4 21. Bc2 Qa6
22. Bd2 Rec8 23. Bb4 Nc5 24. Qe2 Qb6 25. Reb1 Na4 26. Bd3 Nc3 27. Bxc3 Rxc3 28.
Bxb5 h5 29. a4 h4 30. Nf1 Nh5 31. a5 Qa7 32. a6 Bc8 33. Qd2 Qc7 34. Bc6 Rxc6
35. dxc6 Qxc6 36. Ne3 Qxe4 37. Qd5 Nf6 38. Qxe4 Nxe4 39. Nd5 Bd8 40. f3 Ng5 41.
Nd2 Rxa6 42. Rxa6 Bxa6 43. Rb8 Ne6 44. Ne4 1-0

[Event "37. Ciudad de Sevilla 2012"]
[Site "Sevilla ESP"]
[Date "2012.01.11"]
[Round "5.12"]
[White "Arjun, Bharat"]
[Black "Malakhatko, Vadim"]
[Result "0-1"]
[WhiteElo "2194"]
[BlackElo "2524"]
[PlyCount "94"]
[EventDate "2012.01.07"]
[EventType "swiss"]
[EventRounds "9"]
[EventCountry "ESP"]
[Source "lmi"]
[SourceDate "2012.01.07"]

1. Nf3 Nf6 2. c4 e6 3. g3 a6 4. Bg2 b5 5. b3 c5 6. Bb2 Bb7 7. O-O Be7 8. d3 Qb6
9. Nbd2 O-O 10. e4 d6 11. Qe2 Nc6 12. Rfd1 Nd7 13. Nf1 Bf6 14. Bxf6 Nxf6 15.
Ne3 Nd7 16. Nc2 Nde5 17. a4 Nxf3+ 18. Bxf3 bxa4 19. bxa4 Rab8 20. Rdb1 Qc7 21.
Qd1 Ba8 22. Bg2 Rxb1 23. Rxb1 Rb8 24. Rxb8+ Qxb8 25. h4 Qb2 26. Bf1 Bb7 27. h5
h6 28. Ne1 Bc8 29. Nf3 e5 30. Nh4 Nd4 31. Nf5 Bxf5 32. exf5 Kf8 33. Qg4 Qb7 34.
Bg2 Qd7 35. Be4 Qxa4 36. f6 gxf6 37. Qc8+ Qe8 38. Qxa6 Qd7 39. Kg2 f5 40. Bd5
f4 41. Qa8+ Kg7 42. Qb8 Qg4 43. Qxd6 f3+ 44. Kf1 Qg5 45. Bxf3 Nxf3 46. Qxc5
Qxh5 47. Qd6 Nd4 0-1

[Event "37. Ciudad de Sevilla 2012"]
[Site "Sevilla ESP"]
[Date "2012.01.11"]
[Round "5.13"]
[White "Campora, Daniel H"]
[Black "Gomez Rebollo, Alfonso Carlos"]
[Result "1-0"]
[WhiteElo "2490"]
[BlackElo "2160"]
[PlyCount "71"]
[EventDate "2012.01.07"]
[EventType "swiss"]
[EventRounds "9"]
[EventCountry "ESP"]
[Source "lmi"]
[SourceDate "2012.01.07"]

1. e4 e6 2. d4 d5 3. Nc3 Nf6 4. Bg5 Bb4 5. Nge2 dxe4 6. a3 Be7 7. Bxf6 gxf6 8.
Nxe4 b6 9. Qd3 Bb7 10. O-O-O Nd7 11. Kb1 f5 12. N4c3 Nf6 13. h3 a6 14. Rg1 Bd6
15. g3 h5 16. Bg2 Bxg2 17. Rxg2 c6 18. f3 b5 19. g4 hxg4 20. hxg4 fxg4 21. fxg4
a5 22. g5 b4 23. gxf6 bxc3 24. Qxc3 Kd7 25. Qf3 Rb8 26. c4 Qb6 27. Nc1 Qa6 28.
c5 Bf8 29. Nd3 Ke8 30. Ne5 Rc8 31. Rdg1 Qb5 32. Rg8 Rh6 33. Qg2 Rxf6 34. Rxf8+
Kxf8 35. Qg8+ Ke7 36. Qxc8 1-0

[Event "37. Ciudad de Sevilla 2012"]
[Site "Sevilla ESP"]
[Date "2012.01.11"]
[Round "5.15"]
[White "Buxade Roca, Guillermo"]
[Black "Das, Arghyadip"]
[Result "0-1"]
[WhiteElo "2158"]
[BlackElo "2459"]
[PlyCount "96"]
[EventDate "2012.01.07"]
[EventType "swiss"]
[EventRounds "9"]
[EventCountry "ESP"]
[Source "lmi"]
[SourceDate "2012.01.07"]

1. e4 e6 2. Qe2 c5 3. g3 Nc6 4. Bg2 Nge7 5. c3 d5 6. d3 g6 7. e5 Bg7 8. f4 g5
9. fxg5 Nxe5 10. Nf3 Nxf3+ 11. Bxf3 Nc6 12. O-O O-O 13. Bg2 b6 14. Na3 Ba6 15.
Nc2 Ne5 16. Ne1 Rc8 17. Rb1 Bb5 18. b3 a5 19. c4 Bc6 20. Nf3 Nd7 21. Bb2 Bxb2
22. Rxb2 dxc4 23. dxc4 Bxf3 24. Qxf3 Qxg5 25. Rbf2 Rc7 26. Qd3 Ne5 27. Qd6 Rd7
28. Qxb6 Qe3 29. Kh1 Rfd8 30. Qxa5 Rd1 31. Qc7 R8d7 32. Qb8+ Kg7 33. Rxd1 Rxd1+
34. Rf1 Ng4 35. Qf4 Nf2+ 36. Qxf2 Qxf2 37. Rxd1 Qxa2 38. Rf1 Qxb3 39. Rf4 f5
40. Kg1 Kg6 41. Bf1 e5 42. Rf2 Qe3 43. Be2 h5 44. Kg2 h4 45. gxh4 f4 46. Kf1 e4
47. Kg1 f3 48. Bf1 Kh5 0-1